Pride Flags Quiz - Statistics

General Stats
  • This quiz has been taken 1,603 times
    1,495 since last reset
  • The average score is 14 of 21
Answer Stats
Picture Answer % Correct
LGBTQ+
90%
Bisexual
86%
Lesbian
86%
Transgender
86%
Gay
81%
Asexual
79%
Pansexual
79%
Non-Binary
76%
Intersex
70%
Aromantic
63%
Straight Ally
62%
Demiboy
60%
Demigirl
60%
Genderfluid
59%
Demisexual
57%
Polysexual
54%
POC Pride
48%
Agender
46%
Genderqueer
45%
Polyamorous
44%
Bigender
33%
No matching quizzes found
Score Distribution
Percent of People with Each Score
Percentile by Number Answered
Your Score History
You have not taken this quiz since the last reset